「さ」が2つ付く駅名 - Statistics

General Stats
  • This quiz has been taken 70 times
  • The average score is 9 of 37
Answer Stats
頭文字 都道府県 駅名 読み % Correct
「さ」 東京都 笹塚 ささづか
64%
「あ」 東京都 浅草(地下鉄・東武) あさくさ
55%
「あ」 東武都 浅草(TX) あさくさ
55%
「さ」 新潟県 佐々木 ささき
52%
「さ」 千葉県 笹川 ささがわ
48%
「む」 東京都 武蔵境 むさしさかい
48%
「あ」 東京都 浅草橋 あさくさばし
46%
「さ」 山梨県 笹子 ささご
43%
「さ」 愛知県 ささしまライブ ささしまらいぶ
43%
「さ」 兵庫県 篠山口 ささやまぐち
43%
「さ」 福岡県 笹原 ささばる
38%
「さ」 千葉県 逆井 さかさい
32%
「お」 大阪府 大阪狭山市 おおさかさやまし
30%
「み」 京都府 御陵 みささぎ
27%
「さ」 富山県 笹津 ささづ
25%
「さ」 福岡県 篠栗 ささぐり
23%
「さ」 福島県 笹木野 ささきの
21%
「さ」 千葉県 作草部 さくさべ
20%
「む」 埼玉県 武蔵藤沢 むさしふじさわ
20%
「と」 高知県 土佐佐賀 とささが
18%
「さ」 福島県 笹谷 ささや
16%
「さ」 栃木県 笹原田 ささはらだ
14%
「さ」 香川県 讃岐財田 さぬきさいだ
14%
「か」 静岡県 川根温泉笹間渡 かわねおんせんささまど
13%
「さ」 愛知県 篠原 ささばら
13%
「さ」 兵庫県 笹部 ささべ
13%
「さ」 長野県 三才 さんさい
13%
「し」 千葉県 下総豊里 しもうさとよさと
13%
「さ」 長野県 桜沢 さくらさわ
9%
「さ」 鹿児島県 桜島桟橋通 さくらじまさんばしどおり
9%
「あ」 高知県 旭町三丁目 あさひまちさんちょうめ
7%
「さ」 富山県 笹平 ささだいら
7%
「さ」 鹿児島県 笹貫 ささぬき
7%
「み」 岡山県 美作大崎 みまさかおおさき
7%
「さ」 高知県 桟橋通三丁目 さんばしどおりさんちょうめ
5%
「ひ」 福岡県 東犀川三四郎 ひがしさいがわさんしろう
4%
「み」 岩手県 水沢江刺 みずさわえさし
4%
No matching quizzes found
Score Distribution
Percent of People with Each Score
Percentile by Number Answered
Your Score History
You have not taken this quiz